Tüskés, Gábor. Germania Hungaria litterata. - Berlin : Weidler. - 2008 [Rezension]
| Titel: | Tüskés, Gábor. Germania Hungaria litterata. - Berlin : Weidler. - 2008 [Rezension] |
|---|---|
| Verfasser: | |
| In: |
Simpliciana, Band 30 (2008), Seite 295-297 alle Artikel anzeigen |
| Veröffentlicht: | 2008 |
| Format: | Aufsatz |
| Sprache: | Deutsch |
X
alg: 39494166 001A $01999:12-11-16 001B $01999:04-08-21 $t20:59:55.000 001D $01999:12-11-16 001U $0utf8 001X $00 002@ $0Aox 003@ $0394941667 007A $0394941667 $aHEB 007T $0Herdd03910 010@ $ager 011@ $a2008 021A $aTüskés, Gábor. Germania Hungaria litterata. - Berlin : Weidler. - 2008 [Rezension] 028A $aHeßelmann $dPeter 031A $d30 $h295-297 $j2008 039B $aIn $8--Abvc--. Simpliciana. - Bern : Peter Lang, 1979-. - ISSN 0259-6415 $x200800000300000705 $9048076236 039T $8--Aau--Tüskés, Gábor$Z1955- [Tp3]. Germania Hungaria litterata. - 1. Aufl.. - Berlin : Weidler, 2008. - 369 S.. - 40 schw.-w. Ill.. - ISBN 978-3-89693-510-6 $919493456X 045F $a900.9439 $eDDC23BSB 045F/01 $a900 045F/03 $g439 045T $a7,20 045T $aGER $qDE-30 $2FID lok: 39494166 78 exp: 39494166 78 1 #EPN 201B/01 $018-11-16 $t13:12:48.000 201U/01 $0utf8 203@/01 $079124024X 208@/01 $a12-11-16 $be 209A/01 $a/ $f000 $x00 220C/01 $aTitelaufnehmer: dt 244Z/01 $2Trx $#Ungari $#Vengrija $#Ungārija $#Ungarn $#Hungary $#Węgry $#Maďarsko $#Maďarsko $#Uhorsko $#Uhersko;Uhry $8--Trx--Magyarország $x01 $9391197150 244Z/01 $2Trx $#arvustused $#recenzijos $#Reviews $#recenziók $#recenzje $#recenzie $#recenze $8--Trx--Rezensionen $x02 $9391357441 247C/01 $82080>Marburg/Lahn, Herder-Institut, Forschungsbibliothek, Bibliographieportal $9336309341
| LEADER | 00000caa a22000002c 4500 | ||
|---|---|---|---|
| 001 | 394941667 | ||
| 003 | DE-603 | ||
| 005 | 20210804205955.0 | ||
| 007 | tu | ||
| 008 | 161112s2008 xx |||| | u00||u|ger c | ||
| 035 | |a (DE-599)HEB394941667 | ||
| 040 | |a DE-603 |b ger |c DE-603 |d DE-603 | ||
| 041 | |a ger | ||
| 082 | 0 | 4 | |8 1\u |a 900.9439 |q DE-101 |2 23/BSB |
| 084 | |a 7,20 |2 ssgn | ||
| 084 | |a GER |q DE-30 |2 fid | ||
| 085 | |8 1\u |b 900 | ||
| 085 | |8 1\u |z 2 |s 439 | ||
| 100 | 1 | |a Heßelmann, Peter | |
| 245 | 0 | 0 | |a Tüskés, Gábor. Germania Hungaria litterata. - Berlin : Weidler. - 2008 [Rezension] |
| 264 | 0 | |c 2008 | |
| 773 | 0 | 8 | |i In |t Simpliciana |d Bern : Peter Lang, 1979- |x 0259-6415 |g Band 30 (2008), Seite 295-297 |w (DE-603)048076236 |w (DE-600)800364-6 |
| 787 | 0 | 8 | |i Rezension von |a Tüskés, Gábor, 1955- |t Germania Hungaria litterata |b 1. Aufl. |d Berlin : Weidler, 2008 |h 369 S., 40 schw.-w. Ill. |z 9783896935106 |z 3896935100 |w (DE-603)19493456X |
| 924 | 0 | |9 2080 |a (DE-603)79124024X |b DE-2080 |c HES |d d |g / | |


